Nerovnováha na trhu práce a jej riešenie prostredníctvom vzdelávania dospelých

Vplyv rýchlo sa meniacich podmienok života, dynamiky technického rozvoja vyvoláva nerovnováhu na trhu práce a potrebu vzdelávania dospelých. Profesijné vzdelávanie dospelých ako súčasť personálnej práce a rozvoja podniku.

Saved in:
Bibliographic Details
Main Author: Ďurďovičová, Marta, 1964-
Format: Book Chapter
Language:Slovak
Subjects:
Tags: Add Tag
No Tags, Be the first to tag this record!

MARC

LEADER 00000naa a2200000 4500
001 r027981
005 20240502071329.4
041 0 |a slo 
044 |a SK 
245 1 0 |a Nerovnováha na trhu práce a jej riešenie prostredníctvom vzdelávania dospelých  |c Marta Ďurďovičová 
520 |a Vplyv rýchlo sa meniacich podmienok života, dynamiky technického rozvoja vyvoláva nerovnováhu na trhu práce a potrebu vzdelávania dospelých. Profesijné vzdelávanie dospelých ako súčasť personálnej práce a rozvoja podniku. 
610 2 0 |a práca personálna 
610 2 0 |a nezamestnanosť 
610 2 0 |a rekvalifikácia 
610 2 0 |a vzdelávanie ďalšie 
610 2 0 |a trh práce 
610 2 0 |a rozvoj podniku 
100 1 |a Ďurďovičová, Marta, 1964-